书目信息 |
| 题名: |
人工嗅觉与人工味觉
|
|
| 作者: | 王平 著 | |
| 分册: | ||
| 出版信息: | 北京 科学出版社 2007.10 |
|
| 页数: | 218页 | |
| 开本: | 26cm | |
| 丛书名: | ||
| 单 册: | ||
| 中图分类: | Q811.21 | |
| 科图分类: | ||
| 主题词: | 嗅觉--xiu jue--感觉器官仿生研究 , 味觉--wei jue--感觉器官仿生研究 | |
| 电子资源: | ||
| ISBN: | 978-7-03-019512-8 | |
| 000 | 00955nam0 2200265 450 | |
| 001 | 012007005241 | |
| 005 | 20071201124652.40 | |
| 010 | @a978-7-03-019512-8@dCNY45.00 | |
| 100 | @a20071201d2007 km y0chiy0120 ea | |
| 101 | 0 | @achi |
| 102 | @aCN@b110000 | |
| 105 | @aa a 000yy | |
| 106 | @ar | |
| 200 | 1 | @a人工嗅觉与人工味觉@Aren gong xiu jue yu ren gong wei jue@f王平著@Fwang ping zhu |
| 205 | @a第2版 | |
| 210 | @a北京@c科学出版社@d2007.10 | |
| 215 | @a218页@c图@d26cm | |
| 320 | @a有书目 (第212-218页) | |
| 330 | @a本书介绍了近年来人工嗅觉和人工味觉方面的研究成果及目前国际上在此领域的研究进展,全面介绍了人类五大感观中目前研究比较匮缺的两大感觉:嗅觉和味觉的基本原理和工程实现,很多内容属于当今国际上的研究前沿。 | |
| 606 | 0 | @a嗅觉@Axiu jue@x感觉器官仿生研究 |
| 606 | 0 | @a味觉@Awei jue@x感觉器官仿生研究 |
| 690 | @aQ811.21@v4 | |
| 701 | 0 | @a王平@Awang ping@4著 |
| 801 | 0 | @aCN@bQSSK@c20071201 |
| 905 | @b268691-92@dQ811.21@eW302@f2 | |
| 人工嗅觉与人工味觉/王平著.-第2版.-北京:科学出版社,2007.10 |
| 218页:图;26cm |
| ISBN 978-7-03-019512-8:CNY45.00 |
| 本书介绍了近年来人工嗅觉和人工味觉方面的研究成果及目前国际上在此领域的研究进展,全面介绍了人类五大感观中目前研究比较匮缺的两大感觉:嗅觉和味觉的基本原理和工程实现,很多内容属于当今国际上的研究前沿。 |
| ● |
| 相关链接 |
|
|
|
正题名:人工嗅觉与人工味觉
索取号:Q811.21/W302
 
预约/预借
| 序号 | 登录号 | 条形码 | 馆藏地/架位号 | 状态 | 备注 |
| 1 | 268691 | 202686913 | 自科库401/401自科库 32排3列1层/ [索取号:Q811.21/W302] | 在馆 | |
| 2 | 268692 | 202686922 | 自科库401/401自科库 32排3列1层/ [索取号:Q811.21/W302] | 在馆 |